000
00327nam a2200133Ia 4500
008
191201s2019 xx 000 0 und d
082
_a
33.7 SIT
100
_a
Sinha,Shardha
245
0
_a
Text book of Environment and Ecology
260
_b
AITBS Pub.
_a
New Delhi
_c
2019
300
_a
256
650
_a
Biology
942
_2
ddc
_c
BK
999
_c
8404
_d
8404